Word Ladder: Fast Mexican Food Quiz Stats

 Plays Quiz not verified by Sporcle

Score 0/7 Timer 01:00
2 Plays Today
Hint Answer % Correct
Opposite of frontBACK
97.8%
Wolves run in one of thesePACK
96.2%
*** First word of fast food restaurant's name ***TACO
94%
*** Last word of fast food restaurant's name ***BELL
92.4%
Fashion designer ___ RabannePACO
86.2%
Singer of 'Loser' and 'Devil's Haircut'BECK
79.8%
Southern department store chainBELK
74.5%

You're not logged in!

Compare scores with friends on all Sporcle quizzes.
OR
Log In

Show Comments

Extras

Top Quizzes Today


Score Distribution

Your Account Isn't Verified!

In order to create a playlist on Sporcle, you need to verify the email address you used during registration. Go to your Sporcle Settings to finish the process.

Report this User

Report this user for behavior that violates our Community Guidelines.

Details: